Phoenix Suns 2025-2026 Roster - Statistics

General Stats
  • This quiz has been taken 45 times
    37 since last reset
  • The average score is 10 of 17
Answer Stats
Jersey # Pos Answer % Correct
1 G Devin Booker
97%
3 G-F Dillon Brooks
90%
4 G Jalen Green
87%
8 G Grayson Allen
77%
15 C Mark Williams
74%
00 F Royce O'Neale
74%
12 G Collin Gillespie
71%
0 F Ryan Dunn
71%
23 G Jordan Goodwin
65%
10 C Khaman Maluach
65%
17 G Jamaree Bouyea
48%
20 F Rasheer Fleming
48%
14 G Koby Brea
45%
11 F Oso Ighodaro
42%
2 G-F Amir Coffey
35%
18 F Isaiah Livers
35%
50 G Cole Anthony
23%
No matching quizzes found
Score Distribution
Percent of People with Each Score
Percentile by Number Answered
Your Score History
You have not taken this quiz since the last reset